000 00454nam a2200169 i 4500
001 bg
100 1 _aBLINOWSKI, Andrzej
245 0 _aMechanika ciał sprężystych i plastycznych /
_cA. Blinowski, J.A. Konig, W. Gambin. T.2.
260 _aBiałystok,
_c1990.
700 1 _aKONIG, Jan Andrzej
700 1 _aGAMBIN, Wiktor
040 _cBPK
041 _apol
080 _a539.3/.6(075.8)
942 _cKS
008 s pl f |000 0 pol
999 _c4336
_d4336
856 _uhttp://koha.tu.koszalin.pl/cgi-bin/koha/opac-detail.pl?biblionumber=4336
_yKatalog online BPK